[Event "IRI-ch U16"]
[Site "Chess.com INT"]
[Date "2021.01.16"]
[Round "5"]
[White "Tabebordbar, Mohammad Amin"]
[Black "Ghasemi, Saleh"]
[Result "0-1"]
[WhiteElo "1092"]
[BlackElo "1151"]
[PlyCount "94"]
[EventDate "2021.01.16"]
[EventType "swiss"]
[EventRounds "11"]
[EventCountry "IRI"]
[SourceTitle "EXT 2022"]
[Source "ChessBase"]
[SourceDate "2021.10.06"]
[SourceVersion "1"]
[SourceVersionDate "2021.10.06"]
[SourceQuality "1"]

1. d4 e6 2. Nf3 d5 3. e3 Nf6 4. Bd3 Nbd7 5. Nbd2 Be7 6. b3 0-0 7. Bb2 b6 8. 0-0 c5 9. c4 Bb7 10. Rc1 Ne4 11. Ne5 Nxe5 12. dxe5 Qd7 13. Qc2 Nxd2 14. Qxd2 Rfd8 15. Qc2 h6 16. Rfd1 Qc6 17. f3 Bg5 18. f4 Bh4 19. g3 Be7 20. Qg2 Rd7 21. Be2 Rad8 22. cxd5 Rxd5 23. Rxd5 Qxd5 24. Qxd5 Rxd5 25. Rd1 Rxd1+ 26. Bxd1 Kf8 27. Bc2 Ke8 28. Kf2 Kd7 29. Ke2 Kc6 30. Be4+ Kc7 31. Bxb7 Kxb7 32. Kd3 Kc6 33. a4 a6 34. e4 b5 35. axb5+ Kxb5 36. Bc3 a5 37. f5 a4 38. bxa4+ Kxa4 39. f6 gxf6 40. exf6 Bf8 41. h4 Kb3 42. Be5 c4+ 43. Kd2 Bb4+ 44. Kc1 c3 45. g4 Ba3+ 46. Kb1 c2+ 47. Ka1 c1Q# 0-1